Foreign policy

Salvato in:
Dettagli Bibliografici
Natura: Periodico
Lingua:inglese
Pubblicazione: Washington Carnegie Endowment for International Peace
Soggetti:
Tags: Aggiungi Tag
Nessun Tag, puoi essere il primo ad aggiungerne!!

MARC

LEADER 00000nas1a22000001 4500
001 s120177
005 20250701092136.1
022 |a 0015-7228 
022 |a 1945-2276 
041 0 |a eng 
044 |a US 
245 1 0 |a Foreign policy 
264 1 |a Washington  |b Carnegie Endowment for International Peace 
610 2 0 |a politika zahraničná